La ensoñación poética en la obra de Margarite Yourcenar : (Registro nro. 11360)

000 -CABECERA
campo de control de longitud fija 01306nib a2200313ua 4500
001 - NÚMERO DE CONTROL
campo de control 000083490
003 - IDENTIFICADOR DEL NÚMERO DE CONTROL
campo de control OSt
005 - FECHA Y HORA DE LA ÚLTIMA TRANSACCIÓN
campo de control 20230919151556.0
007 - CAMPO FIJO DE DESCRIPCIÓN FÍSICA--INFORMACIÓN GENERAL
campo de control de longitud fija vducgaiz
008 - DATOS DE LONGITUD FIJA--INFORMACIÓN GENERAL
campo de control de longitud fija 170809s2003 ck 061|e| |s| z|spa|d
040 ## - FUENTE DE LA CATALOGACIÓN
Centro/agencia transcriptor CO-MqBPB
041 ## - CÓDIGO DE LENGUA
Código de lengua del texto/banda sonora o título independiente spa
043 ## - CÓDIGO DE ÁREA GEOGRÁFICA
Código de área geográfica s-ck---
082 04 - NÚMERO DE LA CLASIFICACIÓN DECIMAL DEWEY
Número de clasificación 860.556
Número de documento/Ítem T67e
Número de edición 21
100 ## - ENTRADA PRINCIPAL--NOMBRE DE PERSONA
Nombre de persona Torres Mariño, Vicente
245 10 - MENCIÓN DE TÍTULO
Título La ensoñación poética en la obra de Margarite Yourcenar :
Resto del título [disco sonoro] /
Mención de responsabilidad, etc. Vicente Torres.
260 ## - PUBLICACIÓN, DISTRIBUCIÓN, ETC.
Lugar de publicación, distribución, etc. Bogotá :
Nombre del editor, distribuidor, etc. Casa de Poesía Silva,
Fecha de publicación, distribución, etc. 2003.
300 ## - DESCRIPCIÓN FÍSICA
Extensión 1 disco compacto :
Otras características físicas sonido
Material acompañante/anejo (61 minutos aproximadamente)
490 #0 - MENCIÓN DE SERIE
Mención de serie Voces para el tiempo
Designación de volumen o secuencia 556
505 ## - NOTA DE CONTENIDO CON FORMATO
Título (Presentación ciclo de conferencias y de Vicente Torres)
Mención de responsabilidad Pedro Alejo Gómez Vila
505 ## - NOTA DE CONTENIDO CON FORMATO
Mención de responsabilidad Vicente Torres
508 ## - NOTA DE CRÉDITOS DE CREACIÓN O PRODUCCIÓN
Nota de créditos de creación o producción Proyecto, realización y diseños Pedro Alejo Gómez Vila ; digitalización y edición sonora Luis Guillermo Aza Torres
518 ## - NOTA DE FECHA/HORA Y LUGAR DE UN ACONTECIMIENTO
Nota de fecha/hora y lugar de un acontecimiento Conferencia realizada el 16 de octubre de 2003
600 ## - PUNTO DE ACCESO ADICIONAL DE MATERIA--NOMBRE DE PERSONA
Nombre de persona Yourcenar, Marguerite
Fechas asociadas al nombre 1903-1987
Subdivisión general Crítica e interpretación
Subdivisión de forma Congresos, conferencias, etc.
650 14 - PUNTO DE ACCESO ADICIONAL DE MATERIA--TÉRMINO DE MATERIA
Término de materia o nombre geográfico como elemento de entrada Poesía francesa
Subdivisión general Historia y crítica
Subdivisión de forma Congresos, conferencias, etc.
650 24 - PUNTO DE ACCESO ADICIONAL DE MATERIA--TÉRMINO DE MATERIA
Término de materia o nombre geográfico como elemento de entrada Literatura francesa
Subdivisión de forma Congresos, conferencias, etc.
650 24 - PUNTO DE ACCESO ADICIONAL DE MATERIA--TÉRMINO DE MATERIA
Término de materia o nombre geográfico como elemento de entrada Lectura de poemas
Subdivisión de forma Congresos, conferencias, etc.
942 ## - ELEMENTOS DE PUNTO DE ACCESO ADICIONAL (KOHA)
Fuente del sistema de clasificación o colocación
Tipo de ítem Koha CDROM
Existencias
Estado de retiro Estado de pérdida Fuente del sistema de clasificación o colocación Estado dañado No para préstamo Código de colección Localización permanente Ubicación/localización actual Fecha de adquisición Número de inventario Total de préstamos Signatura topográfica completa Código de barras Fecha visto por última vez Fecha del último préstamo Número de copia Precio válido a partir de Tipo de ítem Koha Nota pública
          Multimedia Biblioteca Pública San Juan Bosco Biblioteca Pública San Juan Bosco 20/01/2020 NT 1 860.556 T67e MOS018899 02/08/2021 08/07/2021 Ej. 1 20/01/2020 CDROM Tres días-Hemeroteca-Bib.Elec

© Todos los derechos reservados para la Biblioteca Pública Municipal San Juan Bosco, 2020
Secretaria de Cultura de Mosquera
Carrera 3 N° 10 Esquina Centro Cultural Barrio El Carmén Teléfono: 8270830 Ext: 34
Funcionando con KOHA
Contacto: Biblioteca Pública Municipal San Juan Bosco/ bibliotecasanjuanbosco@mosquera-cundinamarca.gov.co
Mosquera, Cundinamarca